Nová pravidla pro product placement - medvědí služba Evropského parlamentu?

Európska komisia v roku 2005 prijala návrh smernice, ktorý novelizuje smernicu Rady - Televízia bez hraníc a ktorý za istých podmienok povoľuje používanie product placementu vo filmovej a televíznej tvorbe. Čo je to product placement. Prečo je potrebné regulovať product placement. Európsky parlament...

Celý popis

Uložené v:
Podrobná bibliografia
Hlavný autor: Bartl, Aleš
Médium: Kapitola
Jazyk:Czech
Predmet:
Tagy: Pridať tag
Žiadne tagy, Buďte prvý, kto otaguje tento záznam!

MARC

LEADER 00000naa$a2200000$$$4500
001 0058306
005 20231016105807.1
041 0 |a cze 
044 |a CZ 
245 1 0 |a Nová pravidla pro product placement - medvědí služba Evropského parlamentu?  |c Aleš Bartl 
520 |a Európska komisia v roku 2005 prijala návrh smernice, ktorý novelizuje smernicu Rady - Televízia bez hraníc a ktorý za istých podmienok povoľuje používanie product placementu vo filmovej a televíznej tvorbe. Čo je to product placement. Prečo je potrebné regulovať product placement. Európsky parlament v úlohe ochrancu spotrebiteľa. Podmienky, kedy je možné product placement považovať za prípustný. Príklady product placementu v českej televízii. 
610 2 0 |a reklama 
610 2 0 |a propagácia 
610 2 0 |a produkty 
610 2 0 |a televízia 
610 2 0 |a film 
610 2 0 |a legislatíva 
610 2 0 |a Európska únia 
100 1 |a Bartl, Aleš